000 00607nam a2200193 i 4500
001 80966
003 ES-MaACL
005 20230906174334.0
007 t|
008 041102s1912 sp ||||1| spa d
100 1 _aHorques Sagarra, José.
_964243
245 1 0 _aContribución al estudio del tratamiento de la sífilis y otras enfermedades mediante el empleo de Salvarsan /
_cJosé Horques Sagarra.
260 _aGranada :
_b[s.n.],
_c1912.
300 _a92 p. ;
_c21 cm.
502 _aTesis doctoral.
650 0 4 _aSífilis.
_917092
650 4 _aArsfenamina.
_9159225
852 _aES-MaACL
_jT-1367-F-12
999 _c80966
_d80966